00369nam a22001337a 450000500170000000800410001704100120005808200120007010000120008224500350009426000500012930000310017965000250021020241101085349.0241101b |||||||| |||| 00| 0 eng d aEnglish a349 LAW lEnglish aThe Law Reports: Appeal Cases  aLondon: bWilliam Clowes and Sons Ltd, c1886 bxviii, 724 pages; c26 cm. aLegal practice bLaw